| 000 | 01191cam a2200241 4500 | ||
|---|---|---|---|
| 001 | J122486 | ||
| 008 | 030530n2000 000 0 eng u | ||
| 035 | _a(Sirsi) u122486 | ||
| 041 | _aeng | ||
| 050 |
_a333.332 _c18 |
||
| 110 |
_aUnited Kingdom _bOffice of the Deputy Prime Minister |
||
| 245 | _aMonitoring industry initiatives to improve the home buying and selling process | ||
| 260 |
_aLondon _bODPM _c2000 |
||
| 490 |
_aODPM Housing Research Summary _v108 |
||
| 520 | _aInvestigates content, mode of operation, and success of a range of pre-sale initiatives, particularly sellers packs, designed to speed up the home buying and selling process. The document forms a part of the OPDM home buying and selling policy website which outlines the development of the Housing Bill and HIPs. View at www.dclg.gov.uk. | ||
| 650 | _aHOME INFORMATION PACKS | ||
| 650 | _aHOMES BILL 2001 | ||
| 650 | _aPROPERTY-RESIDENTIAL PROPERTY-ACQUISITION AND DISPOSAL OF RESIDENTIAL PROPERTY | ||
| 650 | _aHOUSING BILL 2003 | ||
| 690 | _aPROPERTY AND LAND LAW-CONVEYANCING | ||
| 856 |
_uhttps://www.communities.gov.uk/index.asp?id=1155812 _vView the summary on the DCLG website... |
||
| 942 | _n0 | ||
| 999 |
_c102860 _d102860 |
||